| 000 | 00750nam a22002417a 4500 | ||
|---|---|---|---|
| 003 | DO-SdBNP | ||
| 005 | 20171124110110.0 | ||
| 008 | 171123b 1978 ||||| |||| 00| 0 spa d | ||
| 020 | _a8401440602 | ||
| 040 |
_aBPMSU _bspa _cBPMSU |
||
| 092 |
_axxxx _bxxxx |
||
| 240 | 1 | 0 |
_aSind wir allein im Kosmos? _lEspañol |
| 245 | 1 | 0 |
_a¿Estamos solos en el cosmos? / _cHans Elsässer ... [et al.] ; traduccion de Angel Sabrido |
| 260 |
_aEsplugues de Llobregat : _bPlaza & Janés, _c1978. |
||
| 300 |
_a199 p. : _bil. ; _c18 cm. |
||
| 490 | 1 | _aRotativa | |
| 700 | 1 | _aElsässer, Hans | |
| 700 | 1 |
_aSabrido, Ángel, _etr. |
|
| 830 | 0 | _aRotativa | |
| 942 |
_2ddc _cBK |
||
| 945 | _aInventario / 2017 LP | ||
| 956 |
_aLOPEREZ _b10 _c20171123 _h0041 _iBPMSU |
||
| 999 |
_c13033 _d13033 |
||